Las Cortes de Cádiz y el protocolo notarial (Record no. 181115)

MARC details
000 -LEADER
campo de control de longitud fija 01410nam a22003135i 4500
001 - NÚMERO DE CONTROL
campo de control 181115
003 - IDENTIFICADOR DE NÚMERO DE CONTROL
campo de control ES-MaACL
005 - FECHA Y HORA DE LA ÚLTIMA TRANSACCIÓN
campo de control 20231213170231.0
008 - DATOS DE LONGITUD FIJA--INFORMACIÓN GENERAL
campo de control de longitud fija 121017s1991 sp | |||| ||spa d
020 ## - NÚMERO INTERNACIONAL ESTÁNDAR DEL LIBRO
Número Internacional Estándar del Libro 84-87826-10-5
080 ## - NÚMERO DE LA CLASIFICACIÓN DECIMAL UNIVERSAL
Número de la Clasificación Decimal Universal 930.255(460.355)
080 ## - NÚMERO DE LA CLASIFICACIÓN DECIMAL UNIVERSAL
Número de la Clasificación Decimal Universal 016:946.035.5"1808/14"(093)
080 ## - NÚMERO DE LA CLASIFICACIÓN DECIMAL UNIVERSAL
Número de la Clasificación Decimal Universal 016:347.961.435(460.355)"18"
100 1# - ENTRADA PRINCIPAL--NOMBRE DE PERSONA
Nombre de persona Ravina Martín, Manuel.
9 (RLIN) 95596
245 14 - MENCIÓN DEL TÍTULO
Título Las Cortes de Cádiz y el protocolo notarial
Resto del título : Archivo Histórico Provincial de Cádiz /
Mención de responsabilidad, etc. Manuel Ravina Martín.
260 ## - PUBLICACIÓN, DISTRIBUCIÓN, ETC.
Lugar de publicación, distribución, etc. [Sevilla] :
Nombre del editor, distribuidor, etc. Consejería de Cultura y Medio Ambiente,
Fecha de publicación, distribución, etc. D.L. 1991.
300 ## - DESCRIPCIÓN FÍSICA
Extensión 156 p. ;
Dimensiones 24 cm.
490 1# - MENCIÓN DE SERIE
Mención de serie Colección de instrumentos de descripción de archivos andaluces ;
Designación de volumen o secuencia 6
500 ## - NOTA GENERAL
Nota general Índice.
650 #4 - PUNTO DE ACCESO ADICIONAL DE MATERIA--TÉRMINO DE MATERIA
Término de materia o nombre geográfico como elemento de entrada Protocolos notariales-
Subdivisión geográfica Archivo Histórico Provincial de Cádiz-
Subdivisión de forma Catálogos.
9 (RLIN) 151664
651 #4 - PUNTO DE ACCESO ADICIONAL DE MATERIA--NOMBRE GEOGRÁFICO
Nombre geográfico Cádiz (Provincia)-
Subdivisión general Historia-
Subdivisión cronológica S.XIX-
Subdivisión de forma Fuentes.
9 (RLIN) 151665
651 #4 - PUNTO DE ACCESO ADICIONAL DE MATERIA--NOMBRE GEOGRÁFICO
Nombre geográfico España-
Subdivisión general Historia-
Subdivisión cronológica 1808-1814, Guerra de la Independencia-
Subdivisión de forma Fuentes.
9 (RLIN) 142504
710 2# - ENTRADA AGREGADA--NOMBRE DE ENTIDAD CORPORATIVA
Nombre de entidad corporativa o nombre de jurisdicción como elemento de entrada Archivo Histórico Provincial de Cádiz.
9 (RLIN) 1455
830 0# - PUNTO DE ACCESO ADICIONAL DE SERIE-TÍTULO UNIFORME
Título uniforme Colección de instrumentos de descripción de archivos andaluces ;
Designación de volumen o secuencia 6
9 (RLIN) 191409
852 ## - LOCALIZACIÓN
Ubicación ES-MaACL
Número de control de estantería A-12330
itemnumber 187998
Sublocalización o colección R.148555
Ubicación en estantería Depósito 1
Signatura antigua Olim: N-5335
Encuadernación Donación: Fernando del Arco
903 ## - NOMBRE PERSONAL DE DONANTE
a Arco y García, Fernando del,
d 1923-2020
e Donante
9 22508
942 ## - ELEMENTOS DE ENTRADA SECUNDARIOS (KOHA)
Fuente del sistema de clasificación o colocación Clasificación decimal universal
Tipo de ítem Koha Libro impreso
Holdings
Estatus retirado Estado de pérdida Fuente del sistema de clasificación o colocación Estado de daño No para préstamo Colección Biblioteca de origen Biblioteca actual Ubicación en estantería Fecha de adquisición Fuente de adquisición Total de préstamos Signatura topográfica completa Código de barras Visto por última vez Precio de reemplazo Tipo de ítem Koha
    Clasificación decimal universal     Biblioteca profesional Biblioteca del Ateneo de Madrid Biblioteca del Ateneo de Madrid Depósito 1 17/10/2012 Donación   A-12330 1190326 23/02/2023 23/02/2023 Libro impreso